|
|
|
|
| LEADER |
01861nam a2200337 a 4500 |
| 001 |
13321601 |
| 008 |
110530s2005 njua b 001 0 eng |
| 010 |
|
|
|a 2003276106
|
| 020 |
|
|
|a 0471444669
|
| 020 |
|
|
|a 0470009934 (pbk.)
|
| 020 |
|
|
|a 0471452238 (intl. ed.)
|
| 020 |
|
|
|a 9812530509
|
| 040 |
|
|
|a DLC
|c DLC
|d DLC
|d BD-DhAAL
|
| 050 |
0 |
0 |
|a HD30.22
|b .T78 2004
|
| 082 |
0 |
4 |
|a 338.5/024/658
|2 21
|
| 100 |
1 |
|
|a Truett, Lila J.
|q (Lila Jean)
|
| 245 |
1 |
0 |
|a Managerial economics :
|b analysis, problems, cases /
|c Lila J. Truett, Dale B. Truett.
|
| 250 |
|
|
|a 8th ed.
|
| 260 |
|
|
|a Hoboken, NJ :
|b Wiley,
|c c2005.
|
| 300 |
|
|
|a xxvi, 742 p. :
|b ill. ;
|c 24 cm.
|
| 504 |
|
|
|a Includes bibliographical references and index.
|
| 541 |
|
|
|e 00023034
|
| 650 |
|
0 |
|a Managerial economics.
|
| 700 |
1 |
|
|a Truett, Dale B.
|
| 852 |
1 |
|
|a Ayesha Abed Library
|c General Shelf.
|
| 999 |
|
|
|c 10927
|d 10927
|
| 952 |
|
|
|0 0
|1 0
|2 ddc
|4 0
|6 338_502465800000000_TRU
|7 0
|9 16900
|a BRACUL
|b BRACUL
|c GEN
|d 2011-05-30
|e Sumon Library,
|g 620.00
|l 2
|m 15
|o 338.5024658 TRU
|p 3010023034
|r 2018-12-12
|s 2018-11-28
|t 1
|w 2011-05-30
|y BK
|
| 952 |
|
|
|0 0
|1 0
|2 ddc
|4 0
|6 338_502465800000000_TRU
|7 0
|9 16905
|a BRACUL
|b BRACUL
|c GEN
|d 2011-05-30
|e Sumon Library,
|g 620.00
|l 1
|o 338.5024658 TRU
|p 3010023035
|r 2013-04-24
|s 2013-04-20
|t 2
|w 2011-05-30
|y BK
|
| 952 |
|
|
|0 0
|1 0
|2 ddc
|4 0
|6 338_502465800000000_TRU
|7 0
|9 16907
|a BRACUL
|b BRACUL
|c GEN
|d 2011-05-30
|e Sumon Library,
|g 620.00
|l 3
|o 338.5024658 TRU
|p 3010023036
|r 2018-05-20
|s 2018-05-15
|t 3
|w 2011-05-30
|y BK
|
| 952 |
|
|
|0 0
|1 0
|2 ddc
|4 0
|6 338_502465800000000_TRU
|7 0
|9 16908
|a BRACUL
|b BRACUL
|c GEN
|d 2011-05-30
|e Sumon Library,
|g 620.00
|l 1
|m 13
|o 338.5024658 TRU
|p 3010023037
|r 2017-06-07
|s 2017-02-27
|t 4
|w 2011-05-30
|y BK
|
| 952 |
|
|
|0 0
|1 0
|2 ddc
|4 0
|6 338_502465800000000_TRU
|7 0
|9 16909
|a BRACUL
|b BRACUL
|c GEN
|d 2011-05-30
|e Sumon Library,
|g 620.00
|l 1
|m 15
|o 338.5024658 TRU
|p 3010023038
|r 2014-11-07
|s 2014-06-23
|t 5
|w 2011-05-30
|y BK
|